| 000 | 00389pab a2200157 454500 | ||
|---|---|---|---|
| 008 | 180718b2011 xxu||||| |||| 00| 0 eng d | ||
| 100 | _aLee, Frederic S. | ||
| 245 | _aThe pluralism debate on heterodox economics. | ||
| 260 | _c2011 | ||
| 300 | _ap.540-551. | ||
| 362 | _aFeb | ||
| 650 | _aEconomics | ||
| 773 | _aReview of Radical Political Economics | ||
| 908 | _aN | ||
| 909 | _a94934 | ||
| 999 |
_c94934 _d94934 |
||